Energía y alimentación, subsector educación matemática, guía del profesor

Gespeichert in:
Bibliographische Detailangaben
Hauptverfasser: Mitrovich G., Dinko (autor), Campusano, Bernardo (VerfasserIn)
Format: Buch
Sprache:Spanisch
Veröffentlicht: Santiago División de Educación General 1998
Schriftenreihe:Programa de las 900 Escuelas
Schlagworte:
Tags: Tag hinzufügen
Keine Tags, Fügen Sie den ersten Tag hinzu!

MARC

LEADER 00000nam a2200000 a 4500
001 UCP4207
003 CL-VaPUC
008 990724e19980000CL |||||||||||||||||spa|d
082 0 4 |a 372.7  |b MIT  |2 21 
100 |a Mitrovich G., Dinko  |e autor  |9 480041 
700 0 |a Campusano, Bernardo  |e author  |9 431690 
245 1 0 |a Energía y alimentación, subsector educación matemática, guía del profesor 
300 |a 29 p 
942 |c BK 
945 |d 19990724 00:00:00  |a vberengu 
260 |a Santiago  |b División de Educación General  |c 1998 
650 7 |a EDUCACION NUTRICIONAL  |2 CL-VaPUC  |9 338422 
650 0 |a Nutrición   |9 259434 
650 0 |a Alimentos  |9 256203 
583 |a last modification  |c 19990724 00:00:00  |k Rodrigo Vera 
490 0 |a Programa de las 900 Escuelas 
999 |c 282256  |d 282254 
952 |0 0  |1 0  |4 0  |6 372_700000000000000_MIT_1998  |7 0  |8 A  |9 323829  |a BIBEDU  |b BIBEDU  |d 2019-11-20  |i 3504867  |o 372.7 MIT 1998  |p 3504867  |r 2019-11-20  |w 2019-11-20  |y BK  |k EDU